000 00676nam a2200265Ia 4500
005 20260306164421.0
008 008 260114s9999 xx 000 0 eng d
020 _a9780199971404
037 _aEBOOK
040 _aCRL
040 _beng
040 _cCRL
041 _2eng
041 _aeng
084 _qCRL
100 _aBrian Campbell, Lawrence A. Tritle
_91130677
245 4 _aThe Oxford Handbook Of Warfare In The Classical World
260 _bOxford University Press
260 _c2013
650 _aClassical Studies
856 _uhttps://academic.oup.com/edited-volume/38684
942 _cEBOOK
999 _c1713999
_d1713999